Τραγούδια Καρρά - Ξαφνικός Θάνατος - Statistics

General Stats
  • This quiz has been taken 71 times
  • The average score is 8 of 15
Answers on the Grid
Answers color-coded by a green-red scale on the quiz's grid according to % correct below.
Άστην να Λέει
Δεν Πάω Πουθενά
Φαινόμενο
Απ'το Βορρά μέχρι το Νότο
Τα Καλύτερα Ταξίδια
Νύχτα Ξελογιάστρα
Περαστικά της
Α ρε Μοναξιά
Άλλοθι
Αλήτη με Λένε
Ποια με Καταράστηκε
Πριγκιπέσα
Περιττό να σου Πω
Επιλογή Μου
Φοιτητές
Έκπτωτος Άγγελος
Μελαγχολία Μου
Που θα με Πας
Σπασμένα Κομμάτια της Καρδιάς
Διθέσιο
Εγώ δεν Μπορώ
Γίνεται
Να σου Πω
Ηλιοβασίλεμα
Χαμένος
Αγάλματα
Ιεροσυλία
Δώδεκα
Βαρύ
Δαχτυλίδι
 
Answer Stats
Answer % Correct
Δεν Πάω Πουθενά
72%
Νύχτα Ξελογιάστρα
72%
Άστην να Λέει
70%
Απ'το Βορρά μέχρι το Νότο
70%
Ποια με Καταράστηκε
58%
Περαστικά της
56%
Φαινόμενο
53%
Περιττό να σου Πω
51%
Τα Καλύτερα Ταξίδια
44%
Πριγκιπέσα
44%
Α ρε Μοναξιά
42%
Αλήτη με Λένε
40%
Επιλογή Μου
37%
Άλλοθι
33%
Φοιτητές
28%
No matching quizzes found
Score Distribution
Percent of People with Each Score
Percentile by Number Answered
Your Score History
You have not taken this quiz